Les équipes ayant battu la France au Football - Statistiques

Statistiques générales
  • Ce quiz a été pris 1 156 fois
  • Le résultat moyen est 17 sur 24
Statistiques - réponses
Années Adversaire % Correct
1930, 1978, 2022 Argentine
99%
2012, 2024 Espagne
99%
2014 Allemagne
97%
1982, 1986 Allemagne de l'Ouest
97%
2016 Portugal
97%
2020 Suisse
94%
1938, 1978, 2006, 2008 Italie
93%
1958 Brésil
90%
1966, 1982 Angleterre
84%
2022 Tunisie
75%
2000, 2008 Pays-Bas
73%
1966 Uruguay
73%
1992, 2002 Danemark
68%
2012 Suède
68%
2004 Grèce
67%
2010 Mexique
62%
2010 Afrique du Sud
61%
1982 Pologne
58%
2002 Sénégal
53%
1954, 1958, 1960 Yougoslavie
45%
1934 Autriche
43%
1930 Chili
42%
1996 Tchéquie
41%
1960 Tchécoslovaquie
34%
Aucun quiz correspondant
Distribution des résultats
% des personnes avec chaque résultat
Percentile par nombre de réponses
Votre historique - résultats
Vous n’avez pas pris ce quiz